000 00653nam a2200241Ia 4500
003 OSt
005 20220918221236.0
006 a|||||r|||| 00| 0
007 ta
008 220917b |||||||| |||| 00| 0 eng d
024 _a148,917
037 _cTextual
040 _aARTS
_cARTS
_beng
041 _2eng
_aeng
082 _aT, M5
100 _aScheffler Israel
_954142
245 0 _aOf human potential
_b An essay in the philosophy of education
260 _aBoston
_bRoutledge and Kegan Paul
_c1985
300 _axiii, 141p
_ccm.
650 _aEDUCATION
942 _hT, M5
_cTEXL
_2CC
999 _c271592
_d271592